Statistiques concernant [SPA] Verbos irregulares

Cliquez ici pour prendre le quiz!

Statistiques générales

  • Ce quiz a été pris 35 fois
    (26 depuis la dernière actualisation)
  • Le résultat moyen est 40 sur 56

Statistiques - réponses

% Correct
Ser
100%
Eres
94%
Es
94%
Està
94%
Estàis
94%
Estamos
94%
Estan
94%
Estar
94%
Estàs
94%
Estoy
94%
Somos
94%
Son
94%
Soy
94%
Tener
94%
Jugar
89%
Téneis
89%
Tenemos
89%
Tengo
89%
Tiene
89%
Tienen
89%
Tienes
89%
Traducir
89%
Juego
83%
Sois
83%
Juega
78%
Juegan
78%
Juegas
78%
Traduce
78%
Traducéis
78%
Traducemos
78%
Traducen
78%
Traduces
78%
Jugais
72%
Jugamos
72%
Lee
67%
Leéis
67%
Leemos
67%
Leen
67%
Leer
67%
Lees
67%
Traduzco
61%
Leo
56%
Coger
39%
Posee
39%
Poseéis
39%
Poseemos
39%
Poseer
39%
Posees
39%
Poseo
39%
Posen
33%
Coge
28%
Cogéis
28%
Cogemos
28%
Cogen
28%
Coges
28%
Cojo
28%

Distribution des résultats

Percentile par nombre de réponses

% des personnes avec chaque résultat

Votre développement - résultats

Vous n’avez pas pris ce quiz depuis la dernière actualisation